000 00597nam a2200205Ia 4500
005 20250508165106.0
008 008 250505s9999 xx 000 0 eng d
020 _a81-85434-00-X
037 _aTextual
040 _aFEDL
_beng
_cFEDL
041 _aeng
_2eng
084 _a954.092, AZA
_qFEDL
100 _aRavindra Kumar Ed.
245 0 _aSelected works of Maulana Abul Kalam Azad. Vol 4 & 5
260 _aNew Delhi, India
_bAtlantic Publishers and Distributors
_c1992
490 _vVol 4
546 _aMACESE
942 _cTEXL
_h954.092, AZA
999 _c1393109
_d1393109